000 00518nam a22001817a 4500
003 OSt
005 20251021020003.0
008 231012b |||||||| |||| 00| 0 eng d
020 _a9789814577410
040 _cDDC
082 _a621.3 RIZ 2016.
100 _aRizzoni,Giorgio;Kearns;
_916746
245 _aPrinciples and applications of Electrical Engineering.
260 _aNew York.
_bMCGraw Hill;
_c2016.
300 _axv,1134p;
_bcol,ill;
_c25cm.
504 _aincludes Appendix and index.
942 _2ddc
_cO_SHELF
_01
999 _c8207
_d8207